[Event "Titled Tuesday intern op 14th Nov Late"]
[White "Prunescu, Claudiu"]
[Black "Wanyama, Harold"]
[Site "Chess.com INT"]
[Round "6"]
[Result "0-1"]
[Date "2023.11.14"]
[WhiteElo "2217"]
[BlackElo "2238"]
[PlyCount "64"]
[EventDate "2023.11.14"]
[EventType "swiss (blitz)"]
[EventRounds "11"]
[EventCountry "USA"]
[SourceTitle "EXT 2025"]
[Source "ChessBase"]
[SourceDate "2024.10.14"]
[SourceVersion "1"]
[SourceVersionDate "2024.10.14"]
[SourceQuality "1"]

1. d4 d5 2. c4 e6 3. Nc3 Be7 4. Nf3 Nf6 5. Bg5 0-0 6. e3 b6 7. cxd5 exd5 8. Rc1 Bb7 9. Ne5 a6 10. Be2 c5 11. dxc5 bxc5 12. 0-0 d4 13. exd4 cxd4 14. Na4 h6 15. Bh4 Ne4 16. Bxe7 Qxe7 17. Nd3 Nc6 18. Bf3 Rad8 19. Re1 f5 20. Nac5 Bc8 21. Qa4 Ne5 22. Nxe5 Qxe5 23. Nd3 Qf6 24. Rc6 Qg5 25. Bxe4 fxe4 26. Rxe4 Bf5 27. Re1 Kh8 28. Qc4 Qd2 29. Qc1 Qxd3 30. Re7 Qb1 31. g4 Qxc1+ 32. Rxc1 Bxg4 0-1

[Event "Titled Tuesday intern op 07th Nov Late"]
[White "Prunescu, Claudiu"]
[Black "Hoffmann, Asa"]
[Site "Chess.com INT"]
[Round "6"]
[Result "1/2-1/2"]
[Date "2023.11.07"]
[WhiteElo "2217"]
[BlackElo "2185"]
[PlyCount "128"]
[EventDate "2023.11.07"]
[EventType "swiss (blitz)"]
[EventRounds "11"]
[EventCountry "USA"]
[SourceTitle "EXT 2025"]
[Source "ChessBase"]
[SourceDate "2024.10.14"]
[SourceVersion "1"]
[SourceVersionDate "2024.10.14"]
[SourceQuality "1"]

1. e4 d6 2. d4 Nf6 3. Nc3 c6 4. Nf3 Bg4 5. h3 Bh5 6. Be2 e6 7. 0-0 d5 8. Bg5 Be7 9. e5 Nfd7 10. Bxe7 Qxe7 11. Qd2 a6 12. Na4 b5 13. Nc3 c5 14. dxc5 Nxc5 15. Nd4 Bg6 16. f4 b4 17. Nd1 Ne4 18. Qe3 Nd7 19. c3 bxc3 20. Nxc3 0-0 21. Nxe4 Bxe4 22. Bd3 Bxd3 23. Qxd3 Nc5 24. Qa3 Rfe8 25. Rac1 Ne4 26. Qxe7 Rxe7 27. Rc6 g6 28. Rfc1 Rb7 29. b3 a5 30. Rc7 Rab8 31. Kf1 Rxc7 32. Rxc7 a4 33. Ke2 axb3 34. axb3 Rb4 35. Kd3 Rb8 36. Kc2 h5 37. h4 Ra8 38. Kb2 Rb8 39. Nc6 Rb6 40. Ne7+ Kg7 41. Nc8 Rb8 42. Nd6 Nxd6 43. exd6 Rd8 44. d7 Kf6 45. Kc3 Ke7 46. b4 Rxd7 47. Rc8 Rb7 48. g3 Kf6 49. Rf8 Kf5 50. b5 Kg4 51. Kb4 Kxg3 52. Kc5 Kxh4 53. Kc6 Re7 54. Kd6 Rb7 55. Kc6 Rxb5 56. Kxb5 Kg4 57. Rxf7 h4 58. Rf6 h3 59. Rxg6+ Kxf4 60. Rxe6 h2 61. Rh6 Kg3 62. Kc5 Kg2 63. Kxd5 h1Q 64. Rxh1 Kxh1 1/2-1/2

[Event "Biel MTO op 50th"]
[White "Ganguly, Surya Shekhar"]
[Black "Prunescu, Claudiu"]
[Site "Biel"]
[Round "1"]
[Result "1-0"]
[Date "2017.07.24"]
[WhiteElo "2658"]
[BlackElo "2272"]
[PlyCount "93"]
[EventDate "2017.07.24"]
[EventType "swiss"]
[EventRounds "9"]
[EventCountry "SUI"]
[SourceTitle "CBM 179 Extra"]
[Source "ChessBase"]
[SourceDate "2017.08.23"]
[SourceVersion "1"]
[SourceVersionDate "2017.08.23"]
[SourceQuality "1"]

1. Nf3 Nf6 2. g3 b6 3. Bg2 Bb7 4. 0-0 e6 5. c4 Be7 6. Nc3 0-0 7. Re1 d5 8. cxd5 Nxd5 9. e4 Nxc3 10. bxc3 c5 11. d4 cxd4 12. cxd4 Bb4 13. Bg5 f6 14. Bd2 Bxd2 15. Qxd2 Nd7 16. Rad1 Rc8 17. Bh3 Qe7 18. d5 e5 19. Nh4 Kh8 20. Nf5 Qd8 21. Nd6 Rb8 22. Nxb7 Rxb7 23. d6 Nc5 24. Qd5 Qa8 25. d7 Rbb8 26. Qd6 Rbd8 27. Qe7 Kg8 28. Bf1 Qb8 29. Bc4+ Kh8 30. Rd5 Qc7 31. Red1 Ne6 32. Qxe6 Qxc4 33. Rxe5 Qxe6 34. Rxe6 Kg8 35. Rc6 Ra8 36. Rdc1 Rad8 37. Rc7 Rf7 38. Rd1 a6 39. Rc8 Rff8 40. Rc6 b5 41. Rxa6 Rf7 42. Ra8 Rff8 43. Rxd8 Rxd8 44. Kf1 Kf7 45. Ke2 Ke7 46. Ke3 Ke6 47. f4 1-0

[Event "Belp op"]
[White "Prunescu, Claudiu"]
[Black "Georgescu, Lena"]
[Site "Belp"]
[Round "5"]
[Result "1/2-1/2"]
[Date "2015.05.25"]
[WhiteElo "2326"]
[BlackElo "2057"]
[PlyCount "61"]
[EventDate "2015.05.23"]
[EventType "swiss"]
[EventRounds "5"]
[EventCountry "SUI"]
[SourceTitle "EXT 2016"]
[Source "ChessBase"]
[SourceDate "2015.10.08"]
[SourceVersion "1"]
[SourceVersionDate "2015.10.08"]
[SourceQuality "1"]

1. d4 Nf6 2. c4 g6 3. Nc3 Bg7 4. e4 d6 5. Be2 0-0 6. Bg5 h6 7. Be3 c5 8. d5 e6 9. Nf3 Ng4 10. Bd2 exd5 11. exd5 f5 12. 0-0 Re8 13. h3 Nf6 14. Qc1 Kh7 15. Re1 a6 16. a4 Nbd7 17. Ra3 Rb8 18. Nh2 Ne4 19. Nxe4 Rxe4 20. Bf1 Rxe1 21. Bxe1 b5 22. axb5 axb5 23. Bc3 Nf6 24. Ra7 Rb7 25. Ra8 b4 26. Be1 Qc7 27. Qa1 Rb8 28. Ra7 Rb7 29. Ra8 Rb8 30. Ra7 Rb7 31. Ra8 1/2-1/2

[Event "Geneve op 31st"]
[White "Prunescu, Claudiu"]
[Black "Dgebuadze, Alexandre"]
[Site "Geneve"]
[Round "6"]
[Result "0-1"]
[Date "2014.08.02"]
[WhiteElo "2270"]
[BlackElo "2487"]
[PlyCount "154"]
[EventDate "2014.07.29"]
[EventType "swiss"]
[EventRounds "7"]
[EventCountry "SUI"]
[SourceTitle "CBM 161 Extra"]
[Source "ChessBase"]
[SourceDate "2014.08.29"]
[SourceVersion "1"]
[SourceVersionDate "2014.08.29"]
[SourceQuality "1"]

1. d4 e6 2. c4 f5 3. g3 Nf6 4. Bg2 Be7 5. b3 0-0 6. Nf3 d6 7. 0-0 Qe8 8. Nc3 Qh5 9. e3 Na6 10. Bb2 c6 11. Ne1 Qh6 12. Nd3 e5 13. dxe5 Ng4 14. h3 Nxe5 15. Na4 Nxd3 16. Qxd3 f4 17. exf4 Bxh3 18. Rfe1 Rf7 19. Ba3 Bf8 20. Rad1 d5 21. Bxf8 Raxf8 22. cxd5 Nb4 23. Qf1 Bxg2 24. Qxg2 Nxd5 25. Nc5 Qd6 26. Ne6 Re8 27. Ng5 Rff8 28. Qh3 h6 29. Rxe8 Rxe8 30. Qh5 Qe7 31. Nf3 Qf7 32. Qxf7+ Kxf7 33. Rd2 Kf6 34. Kg2 Re4 35. Nd4 Re7 36. Kf3 h5 37. Nc2 Rd7 38. Ne3 g6 39. Nc4 Rh7 40. Ne3 Ke6 41. Re2 Nc3 42. Re1 Kf6 43. Rc1 Nxa2 44. Ra1 Nc3 45. Rxa7 Nb5 46. Ra4 Rd7 47. Rb4 Rd3 48. Ke4 Rd2 49. Nc4 Rxf2 50. Na5 Re2+ 51. Kf3 Re7 52. Rc4 Rd7 53. Ke3 Nd6 54. Rc3 Nf5+ 55. Kf3 Re7 56. Rd3 c5 57. g4 Nd4+ 58. Kg3 Ne2+ 59. Kf3 h4 60. g5+ Kg7 61. Kg4 Rf7 62. Kxh4 b6 63. Nc4 b5 64. Ne5 Rxf4+ 65. Ng4 Nd4 66. Kg3 Rf5 67. b4 Rd5 68. Ra3 cxb4 69. Ra7+ Kf8 70. Ra8+ Ke7 71. Ra7+ Rd7 72. Ra1 Rd5 73. Ra7+ Kd8 74. Kf4 b3 75. Ra1 Ne2+ 76. Ke3 Nc3 77. Nf6 b2 0-1

[Event "Bois Gentil op"]
[White "Prunescu, Claudiu"]
[Black "Le Bourhis, Gael"]
[Site "Geneve"]
[Round "4"]
[Result "0-1"]
[Date "2014.01.31"]
[WhiteElo "2257"]
[BlackElo "2153"]
[PlyCount "66"]
[EventDate "2014.01.10"]
[EventType "swiss"]
[EventRounds "7"]
[EventCountry "SUI"]
[SourceTitle "CBM 158 Extra"]
[Source "ChessBase"]
[SourceDate "2014.02.28"]
[SourceVersion "1"]
[SourceVersionDate "2014.02.28"]
[SourceQuality "1"]

1. c4 Nc6 2. d4 e5 3. Nf3 exd4 4. Nxd4 Bb4+ 5. Nc3 Bxc3+ 6. bxc3 Nge7 7. Bg5 f6 8. Bf4 0-0 9. e3 b6 10. Be2 Bb7 11. 0-0 Ng6 12. Bg3 Kh8 13. Bf3 Na5 14. Bd5 c6 15. Be4 Nxc4 16. Bxg6 hxg6 17. Qd3 Ne5 18. Bxe5 fxe5 19. Nf3 Rxf3 20. gxf3 Qg5+ 21. Kh1 Qh5 22. Qe4 Rf8 23. Qg4 c5 24. Qxh5+ gxh5 25. a4 Bxf3+ 26. Kg1 Rf6 27. Rfb1 Rg6+ 28. Kf1 Rg2 29. a5 Rxh2 30. Ke1 b5 31. a6 h4 32. Rc1 h3 33. Rab1 Rh1+ 0-1

[Event "Lenk op 22nd"]
[White "Pleininger, Rudolf"]
[Black "Prunescu, Claudiu"]
[Site "Lenk"]
[Round "7"]
[Result "0-1"]
[Date "2010.04.05"]
[WhiteElo "1993"]
[BlackElo "2197"]
[PlyCount "66"]
[EventDate "2010.04.01"]
[EventType "swiss"]
[EventRounds "7"]
[EventCountry "SUI"]
[SourceTitle "CBM 135 Extra"]
[Source "ChessBase"]
[SourceDate "2010.05.04"]
[SourceVersion "1"]
[SourceVersionDate "2010.05.04"]
[SourceQuality "1"]

1. e4 c5 2. Nc3 Nc6 3. f4 g6 4. Nf3 Bg7 5. Bb5 Na5 6. d3 e6 7. e5 a6 8. Ba4 b5 9. Bxb5 axb5 10. Nxb5 Nb7 11. 0-0 Ne7 12. d4 cxd4 13. Qxd4 d5 14. b4 0-0 15. a4 Bd7 16. Qd3 Nf5 17. a5 Nbd6 18. Nxd6 Nxd6 19. Nd4 Nc4 20. Be3 f6 21. exf6 Bxf6 22. c3 Qc7 23. Rf3 Bg7 24. Raf1 Nd6 25. Rc1 Bh6 26. g4 Nc4 27. g5 Bg7 28. Kg2 Rf7 29. h4 e5 30. fxe5 Nxe5 31. Nb5 Bxb5 32. Rxf7 Qxf7 33. Qxb5 Qf3+ 0-1

[Event "Lenk op 22nd"]
[White "Gerber, Richard"]
[Black "Prunescu, Claudiu"]
[Site "Lenk"]
[Round "5"]
[Result "1/2-1/2"]
[Date "2010.04.04"]
[WhiteElo "2370"]
[BlackElo "2197"]
[PlyCount "70"]
[EventDate "2010.04.01"]
[EventType "swiss"]
[EventRounds "7"]
[EventCountry "SUI"]
[SourceTitle "CBM 135 Extra"]
[Source "ChessBase"]
[SourceDate "2010.05.04"]
[SourceVersion "1"]
[SourceVersionDate "2010.05.04"]
[SourceQuality "1"]

1. d4 Nf6 2. c4 e6 3. Nc3 Bb4 4. Nf3 c5 5. e3 0-0 6. Bd3 d5 7. 0-0 dxc4 8. Bxc4 Nbd7 9. Qe2 b6 10. Rd1 cxd4 11. exd4 Bb7 12. Bg5 Bxc3 13. bxc3 Qc7 14. Bd3 Qxc3 15. Ne5 Nxe5 16. dxe5 Nd5 17. Rac1 Qa3 18. Qg4 Rfc8 19. Bh6 g6 20. Rxc8+ Rxc8 21. h4 Qe7 22. h5 Bc6 23. hxg6 fxg6 24. Bc4 Re8 25. Rd3 Qb4 26. Bd2 Qb1+ 27. Kh2 b5 28. Bxd5 Bxd5 29. Rxd5 exd5 30. Qd7 Rxe5 31. Qd8+ Kf7 32. Qd7+ Kg8 33. Qd8+ Kf7 34. Qd7+ Kg8 35. Qd8+ Kf7 1/2-1/2

[Event "Lenk op 22nd"]
[White "Prunescu, Claudiu"]
[Black "Schafer, Achim"]
[Site "Lenk"]
[Round "4"]
[Result "1-0"]
[Date "2010.04.03"]
[WhiteElo "2197"]
[BlackElo "2026"]
[PlyCount "87"]
[EventDate "2010.04.01"]
[EventType "swiss"]
[EventRounds "7"]
[EventCountry "SUI"]
[SourceTitle "CBM 135 Extra"]
[Source "ChessBase"]
[SourceDate "2010.05.04"]
[SourceVersion "1"]
[SourceVersionDate "2010.05.04"]
[SourceQuality "1"]

1. d4 c5 2. d5 e6 3. c4 exd5 4. cxd5 d6 5. Nc3 Nf6 6. Nf3 a6 7. a4 g6 8. Nd2 Bg7 9. Nc4 Qc7 10. Bf4 Bf8 11. h3 Nbd7 12. Qd2 Nb6 13. Qe3+ Kd7 14. Qd3 Nxc4 15. Qxc4 Be7 16. e4 Nh5 17. Bh2 b6 18. Be2 Bb7 19. Bg4+ Ke8 20. 0-0 Nf6 21. Be2 Nd7 22. f4 f6 23. Bg4 Rf8 24. Be6 Qb8 25. Rae1 Bc8 26. Re3 b5 27. axb5 axb5 28. Qxb5 Qxb5 29. Nxb5 Ra5 30. Na3 Nb6 31. Bxc8 Nxc8 32. Rb3 Ra4 33. Re1 Kf7 34. Rb7 Ra7 35. Rxa7 Nxa7 36. e5 Rb8 37. Nc4 fxe5 38. fxe5 dxe5 39. Nxe5+ Ke8 40. Nc6 Nxc6 41. Bxb8 Nxb8 42. d6 Nc6 43. dxe7 Nxe7 44. Rc1 1-0

[Event "Lenk op 22nd"]
[White "Bannwart, Remo"]
[Black "Prunescu, Claudiu"]
[Site "Lenk"]
[Round "1"]
[Result "0-1"]
[Date "2010.04.01"]
[WhiteElo "1839"]
[BlackElo "2197"]
[PlyCount "72"]
[EventDate "2010.04.01"]
[EventType "swiss"]
[EventRounds "7"]
[EventCountry "SUI"]
[SourceTitle "CBM 135 Extra"]
[Source "ChessBase"]
[SourceDate "2010.05.04"]
[SourceVersion "1"]
[SourceVersionDate "2010.05.04"]
[SourceQuality "1"]

1. e4 c5 2. Nf3 Nc6 3. Bb5 Na5 4. 0-0 a6 5. Be2 g6 6. c3 Bg7 7. d4 cxd4 8. cxd4 Nf6 9. Nc3 0-0 10. h3 b5 11. a3 Bb7 12. Bd3 Rc8 13. Re1 Nc4 14. Bxc4 Rxc4 15. Bf4 d5 16. e5 Ne4 17. Rc1 Nxc3 18. Rxc3 e6 19. Qd2 Qc7 20. Rec1 Rc8 21. Bh6 a5 22. Bxg7 Kxg7 23. Qg5 b4 24. Qf6+ Kg8 25. Rxc4 dxc4 26. Ng5 Qd7 27. axb4 axb4 28. Qf4 c3 29. bxc3 Rxc3 30. Rxc3 bxc3 31. Ne4 Bxe4 32. Qxe4 Qd5 33. Qd3 Qc6 34. Qc2 Qc4 35. Qd1 c2 36. Qc1 Qd3 0-1

[Event "ROM-ch"]
[White "Barzanu, Iulian"]
[Black "Prunescu, Claudiu"]
[Site "Baile Tusnad"]
[Round "11"]
[Result "1/2-1/2"]
[Date "2005.12.06"]
[WhiteElo "2165"]
[BlackElo "2275"]
[PlyCount "29"]
[EventDate "2005.11.26"]
[EventType "swiss"]
[EventRounds "11"]
[EventCountry "ROU"]
[SourceTitle "CBM 109 Extra"]
[Source "ChessBase"]
[SourceDate "2006.01.03"]
[SourceVersion "2"]
[SourceVersionDate "2006.01.03"]
[SourceQuality "1"]

1. e4 c5 2. Nf3 Nc6 3. d4 cxd4 4. Nxd4 Nf6 5. Nc3 d6 6. Bc4 e6 7. Be3 Be7 8. Qe2 0-0 9. 0-0-0 a6 10. Rhg1 Nxd4 11. Bxd4 b5 12. Bb3 Bb7 13. f3 Qc7 14. g4 Nd7 15. g5 1/2-1/2

[Event "ROM-ch"]
[White "Prunescu, Claudiu"]
[Black "Murariu, Andrei"]
[Site "Baile Tusnad"]
[Round "1"]
[Result "0-1"]
[Date "2005.11.26"]
[WhiteElo "2275"]
[BlackElo "2441"]
[PlyCount "64"]
[EventDate "2005.11.26"]
[EventType "swiss"]
[EventRounds "11"]
[EventCountry "ROU"]
[SourceTitle "CBM 109 Extra"]
[Source "ChessBase"]
[SourceDate "2006.01.03"]
[SourceVersion "2"]
[SourceVersionDate "2006.01.03"]
[SourceQuality "1"]

1. c4 e5 2. Nc3 Nf6 3. g3 d5 4. cxd5 Nxd5 5. Bg2 Nb6 6. Nf3 Nc6 7. 0-0 Be7 8. a4 a5 9. d3 Be6 10. Be3 Nd5 11. Nxd5 Bxd5 12. d4 e4 13. Ne5 0-0 14. Nxc6 Bxc6 15. Qc2 f5 16. f3 Qd5 17. Rac1 Bd6 18. f4 Qe6 19. b3 Bd5 20. Rb1 Ra6 21. Qb2 Rb6 22. Qc3 Ra8 23. Bh3 g6 24. Rfd1 Raa6 25. Bc1 Rc6 26. Qe3 Bb4 27. Bd2 Rc2 28. Bxb4 axb4 29. Rdc1 Rac6 30. Rxc2 Rxc2 31. Bf1 Rc3 32. Qd2 e3 0-1